Služby podliehajúce evidencii tržieb na elektronickej registračnej pokladnici
Podrobné členenie služieb, na ktoré sa vzťahuje povinnosť evidencie tržieb na elektronickej registračnej pokladnici.
Guardado en:
| Formato: | Capítulo de libro |
|---|---|
| Lenguaje: | eslovaco |
| Materias: | |
| Etiquetas: |
Sin Etiquetas, Sea el primero en etiquetar este registro!
|
MARC
| LEADER | 00000naa a2200000 4500 | ||
|---|---|---|---|
| 001 | r033778 | ||
| 005 | 20230926073040.4 | ||
| 041 | 0 | |a slo | |
| 044 | |a SK | ||
| 245 | 1 | 0 | |a Služby podliehajúce evidencii tržieb na elektronickej registračnej pokladnici |
| 520 | |a Podrobné členenie služieb, na ktoré sa vzťahuje povinnosť evidencie tržieb na elektronickej registračnej pokladnici. | ||
| 610 | 2 | 0 | |a pokladnice kontrolné |
| 610 | 2 | 0 | |a tržby |
| 610 | 2 | 0 | |a evidencia |
| 610 | 2 | 0 | |a služby |